Formula 1 Driver 2020 - Statistics

General Stats
  • This quiz has been taken 51 times
  • The average score is 19 of 20
Answer Stats
Team Driver % Correct
๐Ÿ‡จ๐Ÿ‡ฆ Racing Point Lance Stroll
100%
๐Ÿ‡ซ๐Ÿ‡ฎ Mercedes Valtteri Bottas
100%
๐Ÿ‡ฆ๐Ÿ‡บ Renault Daniel Ricciardo
98%
๐Ÿ‡ซ๐Ÿ‡ท Renault Esteban Ocon
98%
๐Ÿ‡ฌ๐Ÿ‡ง Mercedes Lewis Hamilton
98%
๐Ÿ‡ณ๐Ÿ‡ฑ Red Bull Max Verstappen
98%
๐Ÿ‡จ๐Ÿ‡ฆ Williams Nicholas Latifi
98%
๐Ÿ‡ฒ๐Ÿ‡ฝ Racing Point Sergio Perez
98%
๐Ÿ‡น๐Ÿ‡ญ Red Bull Alexander Albon
96%
๐Ÿ‡ฌ๐Ÿ‡ง McLaren Lando Norris
96%
๐Ÿ‡ซ๐Ÿ‡ท AlphaTauri Pierre Gasly
96%
๐Ÿ‡ฉ๐Ÿ‡ช Ferrari Sebastian Vettel
96%
๐Ÿ‡ช๐Ÿ‡ธ McLaren Carlos Sainz
94%
๐Ÿ‡ฒ๐Ÿ‡จ Ferrari Charles Leclerc
94%
๐Ÿ‡ฌ๐Ÿ‡ง Williams George Russell
94%
๐Ÿ‡ฉ๐Ÿ‡ฐ Haas Kevin Magnussen
94%
๐Ÿ‡ซ๐Ÿ‡ท Haas Romain Grosjean
91%
๐Ÿ‡ท๐Ÿ‡บ AlphaTauri Daniil Kvyat
89%
๐Ÿ‡ซ๐Ÿ‡ฎ Alfa Romeo Kimi Rรคikkรถnen
89%
๐Ÿ‡ฎ๐Ÿ‡น Alfa Romeo Antonio Giovinazzi
87%
No matching quizzes found
Score Distribution
Percent of People with Each Score
Percentile by Number Answered
Your Score History
You have not taken this quiz